Pokémons par réseaux de lettres (gen 4) - Statistiques

Statistiques générales
  • Ce quiz a été pris 19 fois
  • Le résultat moyen est 10 sur 16
Statistiques - réponses
Par images Réponse % Correct
Regigigas
92%
Carchacrok
83%
Élekable
83%
Moufouette
83%
Apireine
75%
Vortente
75%
Cradopaud
67%
Crikzik
67%
Étouraptor
67%
Maganon
67%
Mustébouée
67%
Giratina
58%
Roserade
42%
Tritosor
42%
Babimanta
33%
Torterra
25%
Aucun quiz correspondant
Distribution des résultats
% des personnes avec chaque résultat
Percentile par nombre de réponses
Votre historique - résultats
Vous n’avez pas pris ce quiz